Bioreactor design and product yield (Record no. 81143)

MARC details
000 -LEADER
fixed length control field 01003nam a2200229 a 4500
008 - FIXED-LENGTH DATA ELEMENTS--GENERAL INFORMATION
fixed length control field 120416s1992 ||||||||||||||||| || u
020 ## - INTERNATIONAL STANDARD BOOK NUMBER
International Standard Book Number 0750615095
050 ## - LIBRARY OF CONGRESS CALL NUMBER
Classification number TP 248.25.B55 Ope
110 ## - MAIN ENTRY--CORPORATE NAME
Corporate name or jurisdiction name as entry element Open Universiteit (Heerlen, Netherlands)
245 10 - TITLE STATEMENT
Title Bioreactor design and product yield
260 ## - PUBLICATION, DISTRIBUTION, ETC.
Place of publication, distribution, etc. Oxford:
Name of publisher, distributor, etc. Butterworth-Heinemann
Date of publication, distribution, etc. 1992.
300 ## - PHYSICAL DESCRIPTION
Extent xi, 275 p. : ill.
350 ## -
-- 0.00
490 ## -
-- Biotechnology by Open Learning
490 ## -
-- Biotechnology by Open Learning (Series)
500 ## - GENERAL NOTE
General note Bibiography.
650 ## - SUBJECT ADDED ENTRY--TOPICAL TERM
Topical term or geographic name entry element BIOREACTORS--PROGRAMMED INSTRUCTION
710 ## - ADDED ENTRY--CORPORATE NAME
Corporate name or jurisdiction name as entry element BIOTOL (Project)
710 ## - ADDED ENTRY--CORPORATE NAME
Corporate name or jurisdiction name as entry element Thames Polytechnic
995 ## -
-- MAIN LIBRARY OPEN ACCESS
-- 0.00
-- 730613
-- CBU-MAIN LIBRARY (Kitwe)
-- 1
-- 14.99
-- TP 248.25.B55 Ope
-- 1
-- AVAILABLE
-- Jul 6, 2006
-- 027376
-- Main Library Open Access Collection
995 ## -
-- MAIN LIBRARY OPEN ACCESS
-- 0.00
-- 731000
-- CBU-MAIN LIBRARY (Kitwe)
-- 2
-- 14.99
-- TP 248.25.B55 Ope
-- 2
-- AVAILABLE
-- Jul 6, 2006
-- 028268
-- Main Library Open Access Collection
999 ## -
-- 81143
-- 81143
Holdings
Withdrawn status Lost status Source of classification or shelving scheme Damaged status Not for loan Permanent Location Current Location Shelving location Date acquired Total Checkouts Full call number Barcode Date last seen Copy number Price effective from Koha item type
          CBU-MAIN LIBRARY, KITWE. CBU-MAIN LIBRARY, KITWE.   07/19/2023   TP 248.25.B55 Ope 027376 07/19/2023 1 07/19/2023 MONOGRAPH
          CBU-MAIN LIBRARY, KITWE. CBU-MAIN LIBRARY, KITWE.   07/19/2023   TP 248.25.B55 Ope 028268 07/19/2023 2 07/19/2023 MONOGRAPH